000 00276nam a2200121Ia 4500
008 190216s9999||||xx |||||||||||||| ||und||
100 _aHarivansh Areja
245 0 _aHindi-Indhradanush Anubhadiyan Ke
260 _bKadambari
300 _a79
650 _aHindi
942 _cBK
999 _c16223
_d16223